| 000 | 004370000a22001690004500 | ||
|---|---|---|---|
| 003 | MACL | ||
| 005 | 20160105150214.0 | ||
| 008 | 160105b xxu||||| |||| 00| 0 eng d | ||
| 040 |
_aMACL _cMACL |
||
| 041 | _aEnglish | ||
| 082 | _a800 | ||
| 100 |
_aWinternitz, Maurice _928103 |
||
| 245 | _aA History of Indian Literature | ||
| 260 |
_bUniversity of Calcutta _c1933 _aCalcutta |
||
| 650 |
_aLiterature _928104 |
||
| 942 |
_cBK _k800/WIN _2ddc |
||
| 999 |
_c36317 _d36317 |
||